Mitsubishi semiconductors : bipolar digital IC-ALSTTL.
Guardado en:
| Autor Corporativo: | |
|---|---|
| Formato: | Libro |
| Idioma: | English |
| Publicado: |
[s.l.] :
Mitsubishi Electric,
1987.
|
| Materias: | |
| Etiquetas: |
Agregar Etiqueta
Sin Etiquetas, Sea el primero en etiquetar este registro!
|
| LEADER | 00866nam a22002295a 4500 | ||
|---|---|---|---|
| 001 | EIQ.libpla003867 | ||
| 008 | 080401s1987####xx#a#####c####000#0#eng#d | ||
| 005 | 20080414190604.0 | ||
| 245 | 0 | 0 | |a Mitsubishi semiconductors : |b bipolar digital IC-ALSTTL. |
| 260 | |a [s.l.] : |b Mitsubishi Electric, |c 1987. | ||
| 300 | |a 1 v. (en varias paginaciones) : |b il. ; |c 28 cm. | ||
| 500 | |a "Data book". | ||
| 710 | 2 | |a Mitsubishi Electric. | |
| 650 | 4 | |a Electrónica |x Semiconductores. | |
| 650 | 4 | |a Electrónica |x Circuitos digitales. | |
| 650 | 4 | |a Circuitos digitales |x Catálogos. | |
| 650 | 4 | |a Semiconductores |x Catálogos. | |
| 650 | 4 | |a Semiconductors |x Catalogs. | |
| 650 | 4 | |a Digital circuits |x Catalogs. | |
| 040 | |a AR-BbSID |b spa |c AR-BbSID | ||
| 859 | |a AR-BbSID |b BIB. PLAPIQUI |h 621.381 95 |i M 58 |p 4159 |t Ej. 1 |v Ej. 1 | ||
| 859 | |a AR-BbSID |b BIB. PLAPIQUI |h 621.381 95 |i M 58 |p 4052 |t Ej. 2 |v Ej. 2 | ||
